Word Biblical Commentary (Song of Songs / Lamentations) (Record no. 11643)

MARC details
000 -LEADER
fixed length control field 00455nam a22001577a 4500
003 - CONTROL NUMBER IDENTIFIER
control field OSt
005 - DATE AND TIME OF LATEST TRANSACTION
control field 20260617060631.0
008 - FIXED-LENGTH DATA ELEMENTS--GENERAL INFORMATION
fixed length control field 260617b |||||||| |||| 00| 0 eng d
040 ## - CATALOGING SOURCE
Transcribing agency DLC
050 ## - LIBRARY OF CONGRESS CALL NUMBER
Classification number REF 220.7
Item number G239W
082 ## - DEWEY DECIMAL CLASSIFICATION NUMBER
Classification number REF 220.7
Item number G239W
245 ## - TITLE STATEMENT
Title Word Biblical Commentary (Song of Songs / Lamentations)
Statement of responsibility, etc. by Duane Garrett and Paul R. House
260 ## - PUBLICATION, DISTRIBUTION, ETC.
Place of publication, distribution, etc. Nashville:
Name of publisher, distributor, etc. Thomas Nelson Publishers,
Date of publication, distribution, etc. 2004.
300 ## - PHYSICAL DESCRIPTION
Extent 478p.
942 ## - ADDED ENTRY ELEMENTS (KOHA)
Source of classification or shelving scheme Dewey Decimal Classification
Koha item type Reference
Holdings
Withdrawn status Lost status Source of classification or shelving scheme Materials specified (bound volume or other part) Damaged status Not for loan Collection code Home library Current library Shelving location Date acquired Total Checkouts Full call number Barcode Date last seen Price effective from Koha item type
    Dewey Decimal Classification Vol. 23B   Not For Loan Reference Harvest Mission College Harvest Mission College Reference 17.06.2026   REF 220.7 G239W 013482 17.06.2026 17.06.2026 Reference

OPAC Designed and Maintained by HMC Library Team.
Copyright © HMC Library,Greater Noida, UP.
For any Suggestions/Query Contact library via Email:libhmc@gmail.com